000 00305nam a2200121Ia 4500
008 220901s9999||||xx |||||||||||||| ||und||
082 _a003 PRA
100 _aPrasad J.B
245 0 _aACCST research journal
250 _aVol. 2 Issue 1, 2 & 3
260 _bPrasad J.B
_c2004
650 _aComputer science
999 _c193959
_d193959